Normal view
MARC view
- Harris, David,
Entry Personal Name
001 - CONTROL NUMBER
- control field: 40723
003 - CONTROL NUMBER IDENTIFIER
- control field: OSt
005 - DATE AND TIME OF LATEST TRANSACTION
- control field: 20191204100736.0
008 - FIXED-LENGTH DATA ELEMENTS
- fixed length control field: 191204|| aca||aabn | a|a d
040 ## - CATALOGING SOURCE
- Original cataloging agency: OSt
- Transcribing agency: OSt
100 ## - HEADING--PERSONAL NAME
- Personal name: Harris, David,
- Dates associated with a name: 1960 September 27-
- Relator term: author.
670 ## - SOURCE DATA FOUND
- Source citation: Work cat.: (OSt)0: Harris, David, 1960 September 27- author., Leadership dialogues II :, ©2018
